Human knowledge : its scope and limits

Αποθηκεύτηκε σε:
Λεπτομέρειες βιβλιογραφικής εγγραφής
Κύριος συγγραφέας: Russell, Bertrand, 1872-1970
Μορφή: Βιβλίο
Γλώσσα:English
Δημοσίευση: London : Allen and Unwin, 1951, c1948.
Έκδοση:2nd impression
Σειρά:Muirhead library of philosophy
Θέματα:
Ετικέτες: Προσθήκη ετικέτας
Δεν υπάρχουν, Καταχωρήστε ετικέτα πρώτοι!

MARC

LEADER 00000cam a2200000 i 4500
001 1/443
008 090701r19511948enk| ||| |||| ||eng||
035 |l 10105239 
040 |a GR-MyUa  |b gre  |e AACR2 
041 0 |a eng 
082 7 |a 121   |2 (22) 
100 1 |a Russell, Bertrand,   |d 1872-1970. 
245 1 0 |a Human knowledge :   |b its scope and limits /   |c Bertrand Russell. 
250 |a 2nd impression 
260 |a London :   |b Allen and Unwin,   |c 1951, c1948. 
300 |a 538 σ. ;   |c 22 εκ. 
490 1 |a (The Muirhead library of philosophy) 
500 |a Περιέχει ευρετήριο 
650 0 0 |a Knowledge, Theory of. 
830 0 |a Muirhead library of philosophy 
852 |a INST  |b SAMOS  |c MAG  |e 20090701  |h 121 RUS  |p 005300028554  |q 005300028554  |t BK  |y 0 
901 |a BIBL3-2009-2 
970 |a ΜΑΛΑΓΑΡΗ  |b ΦΩΤΕΙΝΗ  |z 2009/07/01